Los deberes / Marco Tulio Ciceron (Registro nro. 20350)
[ vista simple ]
| 000 -LEADER | |
|---|---|
| fixed length control field | 00582nam a2200217Ia 4500 |
| 001 - CONTROL NUMBER | |
| control field | 21248 |
| 003 - CONTROL NUMBER IDENTIFIER | |
| control field | DO-CoUTE |
| 005 - DATE AND TIME OF LATEST TRANSACTION | |
| control field | 20260204212540.0 |
| 008 - FIXED-LENGTH DATA ELEMENTS--GENERAL INFORMATION | |
| fixed length control field | 220104s9999 dr 000 0 spa d |
| 040 ## - CATALOGING SOURCE | |
| Original cataloging agency | DO-CoUTE |
| Language of cataloging | spa |
| Transcribing agency | DO-CoUTE |
| 041 0# - LANGUAGE CODE | |
| Language code of text/sound track or separate title | spa |
| 082 ## - DEWEY DECIMAL CLASSIFICATION NUMBER | |
| Classification number | 080 T917d (CRM) |
| 100 1# - MAIN ENTRY--PERSONAL NAME | |
| Personal name | Ciceron, Marco Tulio |
| 245 10 - TITLE STATEMENT | |
| Title | Los deberes / Marco Tulio Ciceron |
| 260 ## - PUBLICATION, DISTRIBUTION, ETC. | |
| Place of publication, distribution, etc. | Barcelona, España : Ediciones rumbo |
| 300 ## - PHYSICAL DESCRIPTION | |
| Extent | 79 páginas |
| 500 ## - GENERAL NOTE | |
| General note | Colección de lecturas |
| 942 ## - ADDED ENTRY ELEMENTS (KOHA) | |
| Source of classification or shelving scheme | Dewey Decimal Classification |
| Koha item type | Libros |
| Withdrawn status | Lost status | Source of classification or shelving scheme | Damaged status | Not for loan | Collection code | Home library | Current library | Date acquired | Inventory number | Total Checkouts | Full call number | Barcode | Date last seen | Copy number | Price effective from | Koha item type |
|---|---|---|---|---|---|---|---|---|---|---|---|---|---|---|---|---|
| Dewey Decimal Classification | Colección General | Biblioteca UTECO | Biblioteca UTECO | 01/02/2021 | 020982 | 080 T917d (CRM) | 020982 | 03/30/2022 | Ej.1 | 01/03/2021 | Libros |
